000 00870nam a22002297a 4500
005 20250528155208.0
008 250523b |||||||| |||| 00| 0 eng d
020 _a978-81-19857-28-9 (pbk)
037 _cTB
040 _aCRL
_cCRL
041 _2PUN
_aPUN
084 _aO1,6x 153R4
_qCRL
100 _aਢੀਗਰਾ, ਪਰਮਜੀਤ
_9810469
245 _aਅੰਬਰ ਚਾਨਣੇ
260 _aਪਟਿਆਲਾ, ਭਾਰਤ:
_bਔਟਉਮੰ ਆਰਟ,
_c2024.
300 _aVol. 1.(1-203 ਪ).
_a Vol 2. ((1-154 ਪ.)
365 _b425.00
_cINR
440 _vVol. 1-2
650 _2ਵਿਸਵ ਸਾਹਿਤ
942 _2CC
_cTB
_hO1,6x 153R4.1-.2
_n0
999 _c1430973
_d1430973